000 00825nam a2200253Ia 4500
003 OSt
005 20220923224627.0
006 a|||||r|||| 00| 0
007 ta
008 220922b |||||||| |||| 00| 0 hin d
024 _a248,380
037 _cTextual
040 _aARTS
_cARTS
_bhin
041 _2hin
_ahin
082 _aO152,3:g, K6
100 _aबक्षी, रमेश
245 0 _aकहानी मे औत्सुक्य का अनुतत्व
246 _aKahānī me autsukya kā anutatva
260 _aआगरा
_b सरस्वती पुस्तक सदन
_c1966
300 _a89पृ.
_ccm.
650 _aहिन्दी साहित्य
_9156264
942 _hO152,3:g, K6
_cTEXL
_2CC
999 _c372614
_d372614